Vademécum de protocolo y ceremonial deportivo: la organización de distintos eventos deportivos

Salvato in:
Dettagli Bibliografici
Autore principale: Fernández Vázquez, Jorge J (Autore)
Natura: Libro
Lingua:spagnolo
Pubblicazione: Barcelona Paidotribo 2005
Edizione:1a. ed
Soggetti:
Tags: Aggiungi Tag
Nessun Tag, puoi essere il primo ad aggiungerne!!

MARC

LEADER 00000cam a2200000 a 4500
001 UCK3604
003 CL-VaPUC
008 050429e20050000SP |||||||||||||||||spa|d
020 |a 8480198214 
082 0 4 |a 796.06  |b FER  |2 21 
100 0 |a Fernández Vázquez, Jorge J  |e author  |9 491729 
245 1 0 |a Vademécum de protocolo y ceremonial deportivo: la organización de distintos eventos deportivos 
250 |a 1a. ed 
300 |a 188 p 
942 |c BK 
945 |d 20050429 00:00:00  |a jcarroza 
260 |a Barcelona  |b Paidotribo  |c 2005 
650 0 |a Administración deportiva  |9 395882 
650 7 |a GESTION DEPORTIVA  |2 CL-VaPUC  |9 462479 
650 0 |a Actividades deportivas   |9 372981 
583 |a last modification  |c 20131216 06:31:58  |k Rodrigo Vera 
999 |c 312724  |d 312722 
952 |0 0  |1 0  |4 0  |6 796_060000000000000_FER_2005  |7 0  |8 A  |9 383414  |a BIBEDU  |b BIBEDU  |d 2019-11-21  |i 4117514  |o 796.06 FER 2005  |p 4117514  |r 2019-11-21  |w 2019-11-21  |y BK  |k EFI 
952 |0 0  |1 0  |3 erb  |4 0  |6 796_060000000000000_FER_2005  |7 0  |8 A  |9 383415  |a BIBEDU  |b BIBEDU  |i 5037026  |o 796.06 FER 2005  |p 5037026  |r 2019-11-21  |w 2019-11-21  |y BK  |z Catalogado en:20131220  |k EFI